Things that are One - Statistics

General Stats
  • This quiz has been taken 22 times
  • The average score is 4 of 15
Answer Stats
Hint Answer % Correct
Typical start to a fairytale Once upon a time
67%
Formerly known as The Great War World War One
57%
Famous boy band One Direction
52%
Type of street One way
38%
Character in Cat in the Hat Thing 1
38%
Typical position in soccer to wear #1 Goalkeeper
29%
Popular anime One Piece
29%
Stadium where the Capitals and Wizards play Capital One Arena
24%
Star Wars Movie Rogue One
24%
Winner of a Race or competition 1st Place
19%
Space probe that launched in 1977 Voyager 1
19%
Typically the hottest time of the day 1pm
14%
Character from The Lorax Once-ler
14%
A friend that's been with you since the beginning Day One
10%
Cloud storage program by Google Google One
10%
No matching quizzes found
Score Distribution
Percent of People with Each Score
Percentile by Number Answered
Your Score History
You have not taken this quiz